[Event "Match"]
[Site "www.echecsemail.com"]
[Date "2016.10.31"]
[Round "1"]
[White "Coraza"]
[Black "Ledzepp"]
[WhiteElo "1830"]
[BlackElo "1470"]
[Result "1-0"]
[Round "1"]
1.Ng1f3 d5
2.d4 Nb8c6
3.Bc1f4 Bc8f5
4.a3 Ng8f6
5.Nb1c3 Nf6h5
6.g3 Nh5xf4
7.gxf4 Qd8d6
8.e3 O-O-O
9.Nc3b5 Qd6g6
10.Bf1d3 Bf5xd3
11.cxd3 f6
12.Nf3h4 Qg6h6
13.Nh4f5 Qh6g6
14.e4 dxe4
15.dxe4 e5
16.d5 exf4
17.Qd1f3 Nc6e5
18.Qf3c3 c6
19.Nb5xa7 Kd7
20.dxc6 bxc6
21.Qc3h3 Kc7
22.Ra1c1 Ne5d3
23.Ke2 Nd3xc1
24.Rh1xc1 Qg6e8
25.Na7b5 Kb6
26.Qh3b3 Qe8xe4
27.Nf5e3 cxb5
28.f3 Qe4e5
29.Rc1c3 fxe3
30.Rc3xe3 Qe5xh2
31.Ke1 Rd8d2
32.Re3e6 Bf8d6
33.Qb3e3 Ka5
34.Qe3a7 { resign }
1-0

[Event "Match"]
[Site "www.echecsemail.com"]
[Date "2016.10.31"]
[Round "1"]
[White "Genius3"]
[Black "Fkarpov"]
[WhiteElo "1650"]
[BlackElo "2100"]
[Result "1-0"]
[Round "1"]
1.d4 Ng8f6
2.Bc1g5 e6
3.e4 h6
4.Bg5xf6 Qd8xf6
5.e5 Qf6d8
6.Ng1f3 Bf8e7
7.Bf1d3 c5
8.c3 O-O
9.O-O Qd8b6
10.Qd1b3 Qb6xb3
11.axb3 d5
12.Nb1d2  { time }
1-0

[Event "Match"]
[Site "www.echecsemail.com"]
[Date "2016.10.31"]
[Round "1"]
[White "Bronstein70"]
[Black "Sundar"]
[WhiteElo "2190"]
[BlackElo "2180"]
[Result "1-0"]
[Round "1"]
1.e4 e5
2.f4 d6
3.Bf1c4 Nb8c6
4.c3 Ng8f6
5.Ng1f3 Bf8e7
6.d3 O-O
7.O-O Bc8g4
8.h3 Bg4e6
9.Bc4xe6 fxe6
10.fxe5 dxe5
11.b4 a5
12.b5 Nc6a7
13.a4 Be7c5
14.d4 exd4
15.cxd4 Bc5b6
16.Bc1a3 Rf8e8
17.Nb1c3 e5
18.Qd1b3 Kh8
19.Ra1d1 exd4
20.Nf3g5 Re8f8
21.Nc3d5 c5
22.bxc6 Nf6xd5
23.Rf1xf8 Qd8xf8
24.Ba3xf8 d3
25.Kh1  { time }
1-0

[Event "Eq:Team USA-La Taverne : "]
[Site "www.chess-mail.com"]
[Date "2016.10.31"]
[Round "1"]
[White "Guidom"]
[Black "Uji40"]
[WhiteElo "2140"]
[BlackElo "2050"]
[Result "1/2-1/2"]
[Round "1"]
1.e4 e5
2.Ng1f3 Nb8c6
3.Bf1b5 a6
4.Bb5xc6 dxc6
5.Nf3xe5 Qd8d4
6.Ne5f3 Qd4xe4
7.Qd1e2 Qe4xe2
8.Kxe2 Ng8f6
9.Rh1e1 Bf8e7
10.Kf1 Bc8e6
11.Nf3d4 O-O
12.Nd4xe6 fxe6
13.Re1xe6 Kf7
14.Re6e1 Ra8e8
15.d3 Be7d6
16.Nb1c3 Re8xe1
17.Kxe1 Rf8e8
18.Kf1 Nf6g4
19.f3 Ng4xh2
20.Kg1 Re8e1
21.Kf2 Re1f1
22.Ke2 Rf1g1
23.Kf2 Bd6c5
24.Kg3 Nh2f1
25.Kh3 Rg1h1
26.Kg4 h5
27.Kg5 Bc5e7
28.Kf4 Be7d6
29.Ke4 Nf1g3
30.Ke3 Ng3f5
31.Ke4 Nf5g3
32.Ke3 b5
33.Nc3e4 Ng3f5
34.Ke2 Nf5d4
35.Kf2 Nd4xc2
36.Ra1b1 Nc2b4
37.Ne4xd6 cxd6
38.Ke2 Nb4xa2
39.Kd2 Rh1h2
40.Ke3 Rh2h1
41.Kd2 Na2xc1
42.Rb1xc1 Rh1xc1
43.Kxc1 g5
{ draw }
1/2-1/2

[Event "Tourn. n8984"]
[Site "www.chess-mail.com"]
[Date "2016.11.01"]
[Round "1"]
[White "Pariolinius"]
[Black "Crull"]
[WhiteElo "1840"]
[BlackElo "1740"]
[Result "0-1"]
[Round "1"]
1.d4 Ng8f6
2.c4 d5
3.Nb1c3 dxc4
4.Ng1f3 Bc8f5
5.e3 a6
6.Bf1xc4 e6
7.O-O h6
8.Bc1d2 Bf8d6
9.Qd1e2 Nb8c6
10.a3 O-O
11.Ra1c1 Rf8e8
12.e4 Bf5g4
13.Bd2e3 e5
14.d5 Nc6d4
15.Be3xd4 exd4
16.Nc3a2 Re8xe4
17.Qe2d3 Bg4xf3
18.Qd3xf3 Re4h4
19.h3 Nf6e4
20.Rc1d1 c5
21.Na2c1 Qd8e7
22.Nc1d3 Ne4g5
23.Rf1e1 Ng5xf3
{ resign }
0-1

[Event "Tourn. n8988"]
[Site "www.chess-mail.com"]
[Date "2016.11.01"]
[Round "1"]
[White "Ditto"]
[Black "Taxrama"]
[WhiteElo "1780"]
[BlackElo "1820"]
[Result "0-1"]
[Round "1"]
1.d4 d5
2.Ng1f3 Ng8f6
3.c4 Bc8d7
4.Bc1g5 c6
5.e3 h6
6.Bg5h4 Nf6e4
7.Nf3e5 Qd8a5
8.Nb1d2 e6
9.cxd5 cxd5
10.a3 Nb8c6
11.Ne5xd7 Kxd7
12.a4 Bf8b4
13.Bf1e2 Ne4xd2
14.Be2b5 Nd2f3
15.Kf1 Nf3xh4
16.Ra1c1 Ra8c8
17.Qd1g4 Nh4f5
18.b3 Bb4d2
19.Rc1d1 Qa5b4
20.Qg4e2 a6
21.Bb5xc6 Rc8xc6
22.Rd1xd2 Qb4xb3
23.a5 Rc6c1
24.Rd2d1 Rc1xd1
{ resign }
0-1

[Event "Tourn. n8932"]
[Site "www.chess-mail.com"]
[Date "2016.11.01"]
[Round "1"]
[White "Osmundw"]
[Black "Manuelito"]
[WhiteElo "1450"]
[BlackElo "1499"]
[Result "0-1"]
[Round "1"]
1.e4 e5
2.d3 d6
3.g4 Nb8c6
4.Bf1g2 h6
5.Nb1c3 Ng8e7
6.b3 f6
7.Bc1b2 Bc8e6
8.Ng1e2 Be6xg4
9.f3 Bg4h5
10.Bg2h3 Bh5xf3
11.Bh3e6 Bf3xh1
12.Ne2g3 Bh1g2
13.Bb2a3 Nc6d4
14.Be6g4 g6
15.Bg4e2 Nd4xe2
16.Qd1xe2 Bg2h3
17.Nc3b5 Qd8d7
18.Nb5xd6 cxd6
19.c4 Bf8g7
20.c5 Kf7
21.cxd6 Ne7c6
22.d4 Nc6xd4
23.Qe2c4 Bh3e6
24.Qc4d3 Nd4b5
25.Ba3c5 b6
26.a4 bxc5
27.axb5 Rh8d8
28.Ra1a6 Rd8b8
29.Ra6c6 Rb8b6
30.b4 cxb4
31.Ng3e2 Rb6xc6
32.Ne2d4 Rc6xd6
{ resign }
0-1

[Event "Tourn. n9029"]
[Site "www.chess-mail.com"]
[Date "2016.11.01"]
[Round "1"]
[White "Albertf"]
[Black "Nulladies"]
[WhiteElo "1860"]
[BlackElo "1820"]
[Result "0-1"]
[Round "1"]
1.e4 c5
2.Ng1f3 g6
3.d4 cxd4
4.Nf3xd4 Nb8c6
5.Nd4xc6 bxc6
6.Bf1c4 Bf8g7
7.Qd1f3 e6
8.Nb1c3 Ng8e7
9.Bc1g5 h6
10.Bg5f4 Bc8b7
11.O-O-O Qd8a5
12.Bf4d2 Bb7a6
13.Nc3d5 Qa5c5
14.Nd5c7 Kd8
15.Nc7xa8 Ba6xc4
16.b3 Qc5a3
{ resign }
0-1

[Event "Tourn. n8958"]
[Site "www.chess-mail.com"]
[Date "2016.11.01"]
[Round "1"]
[White "Falcoale"]
[Black "Mao"]
[WhiteElo "1540"]
[BlackElo "1680"]
[Result "1-0"]
[Round "1"]
1.e4 c5
2.b3 d6
3.Bc1b2 Nb8c6
4.Ng1f3 Ng8f6
5.d3 Bc8g4
6.h3 Bg4h5
7.Nb1d2 e5
8.Bf1e2 Bf8e7
9.O-O O-O
10.Rf1e1 Rf8e8
11.Qd1c1 Qd8c7
12.Nd2f1 Ra8c8
13.Nf1g3 Bh5g6
14.Ng3f5 Bg6xf5
15.exf5 d5
16.Be2f1 Be7d6
17.c3 e4
18.dxe4 Nf6xe4
19.Bf1d3 Qc7d7
20.Nf3d2 Ne4xd2
21.Qc1xd2 Nc6e5
22.Bd3c2 Qd7c7
23.Qd2xd5 Rc8d8
24.Qd5d1 c4
25.Qd1c1 Qc7b6
26.Qc1b1 f6
27.b4 a5
28.a3 Ne5d3
29.Re1xe8 Rd8xe8
30.Bc2xd3 cxd3
31.Qb1xd3 Re8d8
32.Qd3f3 Bd6e5
33.Ra1b1 Rd8c8
34.Qf3d5 Kh8
35.Qd5d7 Rc8d8
36.Qd7f7 axb4
37.cxb4 Be5xb2
38.Rb1xb2 Rd8d1
39.Kh2 Qb6d6
40.g3 h6
41.Qf7e6 Qd6d4
42.Rb2e2 Kh7
43.Qe6f7 Qd4d5
44.Qf7g6 { resign }
1-0

[Event "Tourn. n8985"]
[Site "www.chess-mail.com"]
[Date "2016.11.01"]
[Round "1"]
[White "Norlavuaram"]
[Black "Comrade"]
[WhiteElo "2150"]
[BlackElo "2220"]
[Result "1-0"]
[Round "1"]
1.e4 c5
2.Ng1f3 Nb8c6
3.d4 cxd4
4.Nf3xd4 Ng8f6
5.Nb1c3 e6
6.a3 Bf8e7
7.Bf1c4 d5
8.exd5 Nf6xd5
9.Bc4xd5 exd5
10.O-O O-O
11.Bc1f4 Bc8e6
12.Qd1d2 Be7f6
13.Nd4xe6 fxe6
14.Bf4g3 a6
15.Ra1e1 Rf8e8
16.Re1d1 Ra8c8
17.Rf1e1 b5
18.Qd2c1 Qd8b6
19.Nc3e2 h6
20.Ne2f4 Bf6g5
21.Qc1b1 Nc6d4
22.c3 Bg5xf4
23.Bg3xf4 Nd4f5
24.Bf4e5 Nf5d6
25.Qb1g6 Rc8c7
26.Be5xd6 { resign }
1-0

[Event "Tourn. n8966"]
[Site "www.chess-mail.com"]
[Date "2016.11.01"]
[Round "1"]
[White "Ejner"]
[Black "Kampungboy"]
[WhiteElo "2440"]
[BlackElo "2460"]
[Result "0-1"]
[Round "1"]
1.d4 e6
2.c4 b6
3.e4 Bc8b7
4.Qd1c2 Bf8b4
5.Nb1d2 c5
6.dxc5 Ng8f6
7.Bf1d3 Nb8a6
8.Ng1f3 Na6xc5
9.O-O Qd8c7
10.a3 Bb4xd2
11.Nf3xd2 O-O
12.Rf1e1 Nf6g4
13.Nd2f1 Ng4e5
14.Bd3e2 Nc5xe4
15.Bc1f4 f5
16.Nf1g3 Ne4xf2
17.Qc2c3 Qc7c5
18.Bf4e3 Qc5c6
19.Be2f1 Nf2h3
20.gxh3 f4
{ resign }
0-1

[Event "Tourn. n8938"]
[Site "www.chess-mail.com"]
[Date "2016.11.01"]
[Round "1"]
[White "Numanoid"]
[Black "Giampaolo"]
[WhiteElo "2280"]
[BlackElo "2350"]
[Result "1/2-1/2"]
[Round "1"]
1.e4 d6
2.d4 g6
3.Nb1c3 Bf8g7
4.f4 Nb8d7
5.Ng1f3 c6
6.Bf1d3 Ng8f6
7.e5 dxe5
8.fxe5 Nf6d5
9.Nc3xd5 cxd5
10.O-O O-O
11.Qd1e1 Qd8b6
12.Kh1 f6
13.exf6 exf6
14.Qe1h4 Rf8f7
15.c3 Nd7f8
16.Rf1f2 Qb6e6
17.h3 Bc8d7
18.Bc1h6 Bg7xh6
19.Qh4xh6 Ra8e8
20.Ra1e1 Qe6d6
21.Rf2e2 Rf7e7
22.Re2xe7 Re8xe7
23.Re1xe7 { draw }
1/2-1/2

[Event "Tourn. n9003"]
[Site "www.chess-mail.com"]
[Date "2016.11.01"]
[Round "1"]
[White "Guidom"]
[Black "Prize640"]
[WhiteElo "2140"]
[BlackElo "2159"]
[Result "0-1"]
[Round "1"]
1.e4 c5
2.Ng1f3 e6
3.d4 cxd4
4.Nf3xd4 Nb8c6
5.c3 Ng8f6
6.Bf1d3 d5
7.exd5 Nc6xd4
8.Qd1a4 Qd8d7
9.Qa4xd4 Qd7xd5
10.Qd4xd5 Nf6xd5
11.O-O Bf8d6
12.Rf1e1 O-O
13.Nb1d2 Nd5f4
14.Bd3c2 Nf4d5
15.Nd2e4 Bd6c7
16.Bc1g5 b6
17.Ra1d1 Bc8b7
18.f3 h6
19.Bg5h4 Bc7f4
20.Bh4f2 Rf8d8
21.g3 Bf4c7
22.Bc2b3 Nd5e7
23.Rd1xd8 Ra8xd8
24.Re1d1 Rd8xd1
25.Bb3xd1 Bb7xe4
26.fxe4 Bc7e5
27.Bf2e3 Ne7c6
28.Kf2 Kf8
29.Bd1e2 Ke7
30.Be3f4 Kd6
31.Bf4xe5 Kxe5
32.Ke3 Nc6e7
33.Be2d3 Ne7g8
34.a4 Ng8f6
35.h3 a5
36.b4 Nf6e8
37.b5 Ne8f6
38.Bd3c2 Nf6d7
39.Kd3 Nd7c5
40.Ke3 f6
41.g4 g5
42.Kf3 Nc5b7
43.Bc2b3 Nb7c5
44.Bb3c2 Kd6
45.Ke3 Ke5
46.Kf3 Nc5d7
47.Ke3 Nd7f8
48.Kf3 Nf8g6
49.Bc2d3 Ng6f4
50.Bd3f1 Kd6
51.Ke3 e5
52.Kf3 Kc5
53.Ke3 Nf4e6
54.Bf1d3 Ne6c7
55.Kf3 Nc7e8
56.Ke3 Ne8d6
57.Kd2 Nd6f7
58.Ke3 Nf7d8
59.Kd2 Nd8b7
60.Ke3 Nb7d6
61.Kd2 Nd6e8
62.Ke3 Ne8g7
63.Bd3e2 Ng7e6
64.Be2f1 Kd6
65.Kd3 Ne6c5
66.Ke3 Nc5xa4
67.Kd2 Na4c5
68.Bf1g2 Nc5e6
69.Bg2f1 Kc5
70.Kc2 Ne6c7
71.c4 Kd4
72.Bf1d3 Nc7e8
73.Kd2 Ne8d6
{ resign }
0-1

[Event "Tourn. n8898"]
[Site "www.chess-mail.com"]
[Date "2016.11.01"]
[Round "1"]
[White "Falcoale"]
[Black "Hansen"]
[WhiteElo "1460"]
[BlackElo "1600"]
[Result "1/2-1/2"]
[Round "1"]
1.e4 e5
2.Ng1f3 d6
3.d4 Bc8g4
4.h3 Bg4h5
5.Bf1e2 Nb8c6
6.O-O Ng8f6
7.g4 Bh5g6
8.dxe5 Nf6xe4
9.Be2d3 Ne4c5
10.exd6 Qd8xd6
11.Bd3xg6 Qd6xg6
12.Rf1e1 Bf8e7
13.Nb1c3 Ra8d8
14.Qd1e2 f6
15.Nc3b5 Rd8d7
16.Bc1f4 a6
17.Nb5xc7 Kf7
18.Qe2c4 Kf8
19.Re1xe7 Rd7xe7
20.Ra1d1 Nc5e4
21.Nf3h4 Qg6f7
22.Qc4xf7 Re7xf7
23.Nh4f5 g5
24.Nc7e6 Ke8
25.Bf4h2 Rf7f8
26.Nf5g7 Kf7
27.Rd1d7 Kg6
28.Ne6xf8 Rh8xf8
29.Ng7e6 Rf8g8
30.Rd7xb7 Nc6e5
31.Rb7b6 Ne5f3
32.Kg2 Nf3h4
33.Kf1 Rg8c8
34.c3 Ne4d2
35.Ke2 Nd2c4
36.Ne6d4 Nc4xb6
37.Bh2g3 Rc8e8
38.Kd3 Nh4g2
39.Nd4f5 Re8d8
40.Kc2 Ng2e1
41.Kb3 a5
42.Bg3c7 a4
43.Kb4 Nb6d5
44.Kb5 Nd5xc7
45.Kxa4 Rd8a8
46.Kb3 Ra8b8
47.Kc4 Rb8xb2
48.a4 Rb2xf2
49.a5 Rf2f4
50.Kc5 Ne1d3
51.Kb6 Nc7e6
52.a6 Rf4a4
53.a7 Ne6d8
54.Nf5e7 Kf7
55.Ne7d5 Ke6
56.Nd5c7 Kd6
57.a8Q Ra4xa8
58.Nc7xa8 Nd3f4
59.c4 Nf4xh3
60.c5 Kd7
61.Kb5 Nh3f2
62.Na8b6 Kc7
63.Nb6d5 Kb7
64.Nd5xf6 Nf2d3
65.Nf6xh7 Nd8e6
66.c6 Kc7
67.Nh7xg5 Ne6xg5
68.Kc4 Nd3f2
69.Kd5 Nf2xg4
70.Kc5 Ng5e6
71.Kd5 Ne6f4
72.Ke4 Nf4h5
73.Kf5 Ng4e3
74.Kg5 Nh5g7
75.Kf4 Ne3c4
76.Ke4 Kxc6
77.Kd4 Kb5
78.Ke4 Kc5
79.Kf4 Kd5
80.Kf3 Ng7f5
81.Kf4 Nf5d6
82.Kf3 Kd4
83.Kf4 Nc4e3
84.Kf3 Nd6e4
85.Kf4 Ne3d5
86.Kf5 Ne4g3
87.Ke6 Kc5
88.Ke5 Ng3e2
89.Ke4 Ne2c3
90.Ke5 Nd5b6
91.Ke6 Nc3b5
92.Ke5 { draw }
1/2-1/2

[Event "Tourn. n8993"]
[Site "www.chess-mail.com"]
[Date "2016.11.01"]
[Round "1"]
[White "Prize640"]
[Black "Iko"]
[WhiteElo "1799"]
[BlackElo "1670"]
[Result "1-0"]
[Round "1"]
1.e4 e5
2.Ng1f3 Nb8c6
3.Bf1c4 a6
4.c3 Ng8f6
5.d3 Bf8e7
6.O-O d5
7.exd5 Nf6xd5
8.Rf1e1 Bc8g4
9.h3 Bg4xf3
10.Qd1xf3 Nd5f6
11.Nb1d2 O-O
12.Nd2f1 b5
13.Qf3xc6 Qd8xd3
14.Bc4xd3 Ra8d8
15.Qc6f3 Be7c5
16.Bc1g5 Rd8d6
17.Nf1g3 h6
18.Bg5xf6 gxf6
19.Qf3f5 Rf8e8
20.Qf5h7 Kf8
21.Ng3f5 Rd6xd3
22.Qh7h8 
1-0

[Event "Tourn. n9015"]
[Site "www.chess-mail.com"]
[Date "2016.11.01"]
[Round "1"]
[White "Maciekkam"]
[Black "Mitja"]
[WhiteElo "2079"]
[BlackElo "2000"]
[Result "1-0"]
[Round "1"]
1.d4 d5
2.c4 dxc4
3.Ng1f3 e6
4.Nb1c3 c6
5.a4 h6
6.e3 Ng8f6
7.Bf1xc4 a5
8.O-O Bf8e7
9.Qd1c2 Qd8c7
10.e4 b6
11.e5 Nf6d5
12.Nc3xd5 exd5
13.Bc4xd5 Bc8a6
14.Bd5c4 Ba6xc4
15.Qc2xc4 O-O
16.d5 Qc7c8
17.d6 Be7d8
18.Nf3d4 Nb8d7
19.f4 Kh8
20.Qc4xc6 Qc8xc6
21.Nd4xc6 Nd7c5
22.Bc1e3 Ra8c8
23.Be3xc5 Rc8xc6
24.Bc5d4 f6
25.Ra1c1 Rc6xc1
26.Rf1xc1 fxe5
27.fxe5 Bd8g5
28.e6 Bg5xc1
29.e7 { resign }
1-0

[Event "Tourn. n8927"]
[Site "www.chess-mail.com"]
[Date "2016.11.01"]
[Round "1"]
[White "Nimzo"]
[Black "Conde7"]
[WhiteElo "2830"]
[BlackElo "2890"]
[Result "0-1"]
[Round "1"]
1.d4 Ng8f6
2.c4 e6
3.Nb1c3 Bf8b4
4.e3 O-O
5.Ng1e2 c6
6.a3 Bb4a5
7.c5 d5
8.cxd6 Qd8xd6
9.b4 Ba5c7
10.g3 a5
11.b5 cxb5
12.Bf1g2 Qd6b6
13.O-O Nb8c6
14.e4 Rf8d8
15.Qd1c2 b4
16.Nc3a4 Qb6a7
17.Bc1g5 bxa3
18.Na4c3 Rd8d7
19.Nc3b5 Qa7b6
20.Nb5xc7 Rd7xc7
21.Bg5xf6 gxf6
22.Qc2d2 Qb6b2
23.Qd2f4 Rc7d7
24.Qf4g4 Kf8
25.Rf1b1 { time. }
0-1

[Event "Tourn. n9007"]
[Site "www.chess-mail.com"]
[Date "2016.11.01"]
[Round "1"]
[White "Azulmarino"]
[Black "Redabond"]
[WhiteElo "1580"]
[BlackElo "1670"]
[Result "0-1"]
[Round "1"]
1.e4 e5
2.Ng1f3 Nb8c6
3.d3 Bf8c5
4.a3 Ng8f6
5.h3 O-O
6.Nb1c3 d5
7.Bc1g5 h6
8.exd5 hxg5
9.dxc6 bxc6
10.Nf3xe5 Rf8e8
11.f4 gxf4
12.Bf1e2 Re8xe5
13.Kd2 Ra8b8
14.Kc1 Bc5e3
15.Kb1 Re5b5
16.b4 c5
17.Nc3xb5 a6
18.Nb5c3 Be3d4
19.Qd1d2 cxb4
20.axb4 c5
21.Qd2xf4 Rb8xb4
22.Kc1 Bd4xc3
23.Qf4g5 Bc3xa1
24.Rh1f1 Qd8d4
25.Rf1f4 Qd4e3
26.Kd1 Rb4b1

0-1

[Event "Tourn. n9030"]
[Site "www.chess-mail.com"]
[Date "2016.11.01"]
[Round "1"]
[White "Bojan"]
[Black "Attatroll"]
[WhiteElo "1980"]
[BlackElo "1950"]
[Result "0-1"]
[Round "1"]
1.e4 d6
2.d4 Ng8f6
3.Nb1c3 g6
4.Bc1g5 Bf8g7
5.f4 O-O
6.h3 Nb8d7
7.Ng1f3 c6
8.e5 dxe5
9.dxe5 Nf6h5
10.g4 Nh5g3
11.Rh1g1 Ng3xf1
12.Rg1xf1 f6
13.exf6 exf6
14.Bg5h4 Qd8c7
15.Qd1d2 Rf8e8
16.Nc3e2 Kh8
17.O-O-O Nd7c5
18.Ne2d4 Bg7h6
19.Bh4xf6 Bh6g7
20.Bf6g5 Nc5e4
21.Qd2e3 Bc8d7
22.Bg5h4 Ne4g3
23.Qe3d2 Ng3xf1
24.Rd1xf1 Qc7d6
25.Bh4g3 Qd6d5
26.Kb1 Ra8d8
27.Rf1d1 Bd7c8
28.Qd2f2 c5
29.Bg3h4 Rd8d6
30.c3 cxd4
31.Nf3xd4 Qd5e4
32.Ka1 Bg7xd4
33.cxd4 Bc8d7
34.Bh4f6 Rd6xf6
35.f5 Bd7xf5
36.gxf5 Rf6xf5
37.Qf2d2 Rf5d5
38.Qd2c3 Re8d8
39.a3 Rd5xd4
40.Rd1e1 Qe4xe1
{ resign }
0-1

[Event "Tourn. n9014"]
[Site "www.chess-mail.com"]
[Date "2016.11.01"]
[Round "1"]
[White "Caspito"]
[Black "Cal"]
[WhiteElo "1800"]
[BlackElo "1610"]
[Result "1-0"]
[Round "1"]
1.e4 e5
2.Ng1f3 d6
3.c3 Bc8g4
4.d4 Bg4xf3
5.Qd1xf3 h6
6.d5 Ng8f6
7.Bf1c4 c6
8.O-O b5
9.Bc4b3 Nb8d7
10.a4 c5
11.axb5 Bf8e7
12.Bc1e3 O-O
13.c4 Ra8b8
14.Ra1xa7 Nd7b6
15.Qf3g3 Nf6h5
16.Qg3g4 Nh5f6
17.Qg4f3 Nf6h7
18.Nb1d2 f5
19.exf5 Be7f6
20.Bb3c2 Rf8f7
21.Rf1a1 Nb6d7
22.Qf3g4 Bf6g5
23.Nd2e4 Bg5xe3
24.fxe3 Qd8e8
25.Ne4xd6 Qe8d8
26.Nd6xf7 Kxf7
27.f6 Nh7xf6
28.Qg4g6 Kg8
29.Bc2f5 Rb8c8
30.Ra7xd7 Nf6xd7
31.Qg6h7 Kf7
32.Bf5e6 Kf6
33.Qh7f5 { resign }
1-0

[Event "Tourn. n8958"]
[Site "www.chess-mail.com"]
[Date "2016.11.01"]
[Round "1"]
[White "Mao"]
[Black "Cal"]
[WhiteElo "1680"]
[BlackElo "1700"]
[Result "1-0"]
[Round "1"]
1.e4 e5
2.Ng1f3 d6
3.d4 exd4
4.Nf3xd4 a6
5.Nb1c3 c5
6.Nd4f3 h6
7.Bc1f4 Bc8g4
8.Bf1e2 Ng8f6
9.O-O Nb8c6
10.Rf1e1 Bf8e7
11.Qd1d2 O-O
12.Ra1d1 Bg4xf3
13.Be2xf3 b5
14.Bf4xd6 b4
15.Nc3a4 Nc6d4
16.Bd6xc5 Nd4xf3
17.gxf3 Qd8xd2
18.Rd1xd2 Be7xc5
19.Na4xc5 a5
20.Re1d1 Nf6h5
21.Rd2d7 Nh5f4
22.Rd7b7 Ra8c8
23.Nc5a4 Rc8xc2
24.Rb7a7 Nf4h3
25.Kg2 Nh3g5
26.Ra7xa5 Rc2c4
27.Rd1d2 Ng5e6
28.b3 Rc4c6
29.Ra5b5 g5
30.Rb5xb4 Rf8c8
31.Na4b2 Ne6f4
32.Kg3 h5
33.Rb4c4 Rc6xc4
34.Nb2xc4 h4
35.Kg4 Rc8c5
36.e5 Nf4e6
37.a4 Kg7
38.Rd2d6 Kg6
39.f4 Kg7
40.f5 Ne6f4
41.Kxg5 Nf4e2
42.f6 Kh7
43.Kxh4 Ne2f4
44.Rd6d7 Kg6
45.Rd7d8 Kf5
46.Rd8d7 Ke6
47.Rd7d6 Kf5
48.a5 Nf4g6
49.Kh5 Ng6xe5
50.Nc4xe5 Rc5xe5
51.a6 Re5a5
52.b4 Ra5e5
53.a7 Re5e8
54.b5 Ke5
55.Rd6a6 Kf4
56.Ra6a4 Ke5
57.a8Q Re8xa8
58.Ra4xa8 Kxf6
59.b6 { resign }
1-0

[Event "Tourn. n8973"]
[Site "www.chess-mail.com"]
[Date "2016.11.01"]
[Round "1"]
[White "Foxy100"]
[Black "Osopanda"]
[WhiteElo "2210"]
[BlackElo "2010"]
[Result "1-0"]
[Round "1"]
1.e4 c5
2.Ng1f3 d6
3.d4 cxd4
4.Nf3xd4 Ng8f6
5.Nb1c3 a6
6.Bf1e2 e5
7.Nd4b3 Bc8e6
8.O-O Nb8d7
9.Bc1e3 Ra8c8
10.a4 Bf8e7
11.a5 O-O
12.Be2f3 Rc8xc3
13.bxc3 Qd8c7
14.Ra1b1 Qc7xc3
15.Qd1d3 Rf8c8
16.Nb3d2 Qc3xd3
17.cxd3 h6
18.Rf1c1 Rc8xc1
19.Rb1xc1 Nd7f8
20.Rc1c7 Be7d8
21.Rc7xb7 Bd8xa5
22.Rb7a7 d5
23.Ra7xa6 Ba5xd2
24.Be3xd2 dxe4
25.dxe4 Kh7
26.Bd2b4 Nf8g6
27.g3 Be6c8
28.Ra6a7 Bc8e6
29.h4 h5
30.Bb4c3 Nf6g4
31.Bf3xg4 hxg4
32.h5 Ng6f8
33.Bc3xe5 Nf8d7
34.Be5d4 Kh6
35.Ra7a5 g6
36.hxg6 Kxg6
37.Kg2 Nd7b8
38.Bd4c3 Nb8c6
39.Ra5c5 Nc6b8
40.Kf1 Nb8d7
41.Rc5c7 Nd7b6
42.Ke2 Nb6c8
43.Ke3 Nc8b6
44.Rc7c6 Nb6d7
45.Rc6xe6 fxe6
46.Kf4 Kh5
47.Bc3d4 e5
48.Bd4xe5 Kg6
49.Be5d4 Kh5
50.e5 { resign }
1-0

[Event "Tourn. n9024"]
[Site "www.chess-mail.com"]
[Date "2016.11.01"]
[Round "1"]
[White "Picifarkinca"]
[Black "Johnmcbride"]
[WhiteElo "2000"]
[BlackElo "1930"]
[Result "1/2-1/2"]
[Round "1"]
1.Ng1f3 d5
2.d4 g6
3.g3 f6
4.Bf1g2 h5
5.c3 e6
6.Qd1d3 Ng8e7
7.O-O Bc8d7
8.e4 a6
9.Rf1e1 Bd7b5
10.Qd3e3 Bf8h6
11.Qe3xh6 Rh8xh6
12.Bc1xh6 Ne7g8
13.Bh6d2 { draw }
1/2-1/2

[Event "Match"]
[Site "www.echecsemail.com"]
[Date "2016.11.01"]
[Round "1"]
[White "Libiesse"]
[Black "Osvalazo"]
[WhiteElo "1960"]
[BlackElo "1840"]
[Result "1-0"]
[Round "1"]
1.d4 Ng8f6
2.c4 e6
3.Ng1f3 Nb8c6
4.Bc1g5 h6
5.Bg5h4 Bf8b4
6.Nb1d2 g5
7.Bh4g3 b6
8.a3 Bb4xd2
9.Qd1xd2 Nf6e4
10.Qd2d3  { time }
1-0

[Event "Match"]
[Site "www.echecsemail.com"]
[Date "2016.11.01"]
[Round "1"]
[White "Godrad"]
[Black "Ditto"]
[WhiteElo "1889"]
[BlackElo "1850"]
[Result "1-0"]
[Round "1"]
1.e4 e5
2.f4 exf4
3.Ng1f3 d6
4.Bf1c4 Ng8f6
5.Nb1c3 Bc8g4
6.d4 Nb8c6
7.Bc1xf4 Bf8e7
8.O-O O-O
9.Bc4b3 Qd8d7
10.Qd1d3 Bg4h5
11.a3 Qd7g4
12.Bf4d2 Be7d8
13.Ra1e1 Nc6b8
14.e5 dxe5
15.dxe5 Nf6d7
16.Qd3b5 b6
17.e6 Nd7f6
18.e7 c6
19.exf8Q Kxf8
20.Qb5e5 Nb8d7
21.Qe5d6 Kg8
22.h3 Qg4g6
23.Nf3h4 Qg6xg2
24.Nh4xg2 Ra8c8
25.Re1e8 Nf6xe8
26.Qd6xd7 { resign }
1-0

[Event "Match"]
[Site "www.echecsemail.com"]
[Date "2016.11.01"]
[Round "1"]
[White "Libiesse"]
[Black "Azorau"]
[WhiteElo "1960"]
[BlackElo "1870"]
[Result "1-0"]
[Round "1"]
1.d4 g6
2.c4 Bf8g7
3.Ng1f3 Ng8f6
4.Nb1c3 O-O
5.Bc1g5 b6
6.g3 d5
7.Bg5xf6 exf6
8.Nc3xd5 Bc8b7
9.Nd5c3 Bb7xf3
10.exf3 Rf8e8
11.Bf1e2 f5
12.O-O Bg7xd4
13.Qd1c2 Bd4xc3
14.bxc3 c5
15.Ra1d1 Qd8e7
16.Rf1e1 Nb8c6
17.Kf1 Nc6e5
18.f4 Ne5c6
19.Be2f3 Qe7c7
20.Re1e2 Ra8b8
21.Rd1e1 Nc6e7
22.Qc2a4 a5
23.Bf3c6 Ne7xc6
24.Re2xe8 Kg7
25.Re8xb8 Nc6xb8
26.Qa4e8 Nb8c6
27.Re1d1 h5
28.Rd1d7 Qc7b8
29.Qe8xf7 { resign }
1-0

[Event "Match"]
[Site "www.echecsemail.com"]
[Date "2016.11.01"]
[Round "1"]
[White "Fkarpov"]
[Black "Genius3"]
[WhiteElo "2100"]
[BlackElo "1650"]
[Result "0-1"]
[Round "1"]
1.e4 c5
2.Ng1f3 e6
3.Bf1c4 a6
4.O-O Nb8c6
5.c3 d6
6.d4 cxd4
7.cxd4 Ng8f6
8.d5 exd5
9.exd5 Nc6e5
10.Rf1e1 Bf8e7
11.Nf3xe5 dxe5
12.Re1xe5 O-O
 { time }
0-1

[Event "Match"]
[Site "www.echecsemail.com"]
[Date "2016.11.01"]
[Round "1"]
[White "Whitekknight"]
[Black "Genius3"]
[WhiteElo "1990"]
[BlackElo "1650"]
[Result "1/2-1/2"]
[Round "1"]
1.e4 c6
2.d4 d5
3.exd5 cxd5
4.Ng1f3 Ng8f6
5.Bf1d3 g6
6.Nb1c3 Bf8g7
7.h3 O-O
8.Bc1e3 Nb8c6
9.O-O Nc6b4
10.Bd3e2 Bc8f5
11.Ra1c1 Nf6e4
12.a3 Ne4xc3
13.bxc3 Nb4c6
14.Be2d3 Bf5xd3
15.cxd3 e5
16.dxe5 Nc6xe5
17.d4 Ne5c4
18.Qd1b3 Qd8b6
19.Qb3b4 Rf8e8
20.Be3f4 Ra8c8
21.Rc1b1 Qb6xb4
22.axb4 a6
{ draw }
1/2-1/2

[Event "Eq:Team USA-La Taverne : "]
[Site "www.chess-mail.com"]
[Date "2016.11.01"]
[Round "1"]
[White "Uji40"]
[Black "Guidom"]
[WhiteElo "2050"]
[BlackElo "2140"]
[Result "1/2-1/2"]
[Round "1"]
1.e4 e5
2.Ng1f3 Nb8c6
3.Bf1b5 a6
4.Bb5xc6 dxc6
5.O-O Bc8g4
6.h3 Bg4xf3
7.Qd1xf3 Qd8f6
8.Qf3d3 Qf6d6
9.Qd3xd6 Bf8xd6
10.d3 Ng8e7
11.Nb1c3 Ne7g6
12.Nc3e2 f5
13.exf5 Ng6h4
14.Ne2g3 O-O
15.Bc1g5 Nh4xf5
16.Ng3xf5 Rf8xf5
17.h4 h6
18.Bg5e3 Ra8f8
19.Ra1e1 b6
20.d4 exd4
21.Be3xd4 Rf5f4
22.Bd4c3 Rf4xh4
23.Re1e2 c5
24.g3 Rh4g4
25.Kg2 Rg4g5
26.Rf1e1 Rg5f5
27.f4 Rf5d5
28.Bc3e5 Bd6xe5
29.fxe5 Rf8e8
30.e6 Re8e7
31.a3 g5
32.b3 Kg7
33.Kh3 Kg6
34.a4 Rd5f5
35.Kg2 c6
36.c4 b5
37.axb5 axb5
38.Re1d1 Rf5f6
39.Rd1d6 bxc4
40.bxc4 Kf5
41.Rd6xc6 Rf6xe6
42.g4 Kf6
43.Re2f2 Kg7
44.Rc6xc5 Re6e4
45.Kg3 Re4e3
{ draw }
1/2-1/2

[Event "Fast Game"]
[Site "www.echecsemail.com"]
[Date "2016.11.01"]
[Round "1"]
[White "Hennie4820"]
[Black "Pellix84"]
[WhiteElo "1710"]
[BlackElo "1650"]
[Result "1-0"]
[Round "1"]
1.e4 c5
2.Ng1f3 d6
3.d4 cxd4
4.Nf3xd4 Ng8f6
5.Nb1c3 a6
6.Bf1e2 e6
7.O-O Bf8e7
8.Bc1e3 O-O
9.Qd1d2 Nb8c6
10.f3 Nc6xd4
11.Be3xd4 e5
12.Bd4f2 Bc8e6
13.Rf1d1 Ra8c8
14.Ra1c1 b5
15.a3 Qd8d7
16.Kh1 Rc8c6
{ time. }
1-0

[Event "Tourn. n9008"]
[Site "www.chess-mail.com"]
[Date "2016.11.02"]
[Round "1"]
[White "Luban"]
[Black "Ztornad"]
[WhiteElo "2010"]
[BlackElo "1820"]
[Result "1-0"]
[Round "1"]
1.d4 d5
2.Ng1f3 Nb8c6
3.h3 g6
4.e3 Bc8f5
5.a3 Ng8f6
6.c4 a6
7.Nb1c3 Bf8h6
8.Bf1e2 O-O
9.O-O dxc4
10.Be2xc4 Nf6e4
11.Nc3xe4  { time }
1-0

[Event "Tourn. n8874"]
[Site "www.chess-mail.com"]
[Date "2016.11.02"]
[Round "1"]
[White "Szustan"]
[Black "Tartan"]
[WhiteElo "2590"]
[BlackElo "2340"]
[Result "1-0"]
[Round "1"]
1.e4 e6
2.d4 d5
3.Nb1c3 Ng8f6
4.e5 Nf6d7
5.f4 c5
6.Ng1f3 Nb8c6
7.Bc1e3 cxd4
8.Nf3xd4 Bf8c5
9.Qd1d2 O-O
10.O-O-O a6
11.h4 Nc6xd4
12.Be3xd4 b5
13.Rh1h3 b4
14.Nc3a4 Bc5xd4
15.Qd2xd4 a5
16.h5 f6
17.exf6 Qd8xf6
18.Qd4xf6 Rf8xf6
19.Rd1d4 Rf6f8
20.Bf1d3 Bc8a6
21.Bd3xa6 Ra8xa6
22.a3 Rf8b8
23.f5 Rb8f8
24.fxe6 Rf8f1
25.Rd4d1 Rf1xd1
26.Kxd1 Ra6xe6
27.axb4 axb4
28.Rh3h4 Re6e5
29.Rh4xb4 Re5xh5
30.Rb4b7 Nd7f6
31.b4 Rh5g5
32.b5 Rg5xg2
33.b6 Rg2g1
34.Ke2 Rg1g4
35.Na4c5 Rg4b4
36.c3 Rb4b2
37.Ke3 g5
38.Nc5e6 h6
39.Kd4 g4
40.Rb7g7 Kh8
41.Rg7f7 { resign }
1-0